[Event "IECC TH-M email"]
[Site "IECC email"]
[Date "1999.01.13"]
[Round "?"]
[White "George, Allen"]
[Black "Jobe, Tom B"]
[Result "0-1"]
[WhiteElo "1809"]
[BlackElo "1664"]
[PlyCount "132"]
[EventDate "1999.??.??"]
[EventType "match (corr)"]
[EventRounds "2"]
[SourceTitle "Corr 2008"]
[Source "ChessBase"]
[SourceDate "2008.06.24"]
[SourceVersion "1"]
[SourceVersionDate "2008.06.24"]
[SourceQuality "1"]

1. Nf3 d5 2. c4 dxc4 3. Na3 c5 4. Nxc4 g6 5. b3 Bg7 6. Bb2 Nf6 7. g3 b6 8. Bg2 Bb7 9. 0-0 0-0 10. d3 Nc6 11. a3 Qc7 12. Qc2 Rad8 13. Rac1 Rfe8 14. Nfe5 Nxe5 15. Bxe5 Qc8 16. Bxb7 Qxb7 17. Qb2 Nh5 18. Bxg7 Nxg7 19. Rc2 Ne6 20. Ne3 Nd4 21. Rc3 h5 22. Re1 e5 23. Nc2 e4 24. dxe4 Rxe4 25. Nxd4 Rexd4 26. Rd3 Rxd3 27. exd3 Qd5 28. Re3 Qd4 29. Qxd4 Rxd4 30. f4 Kf8 31. Kf2 a5 32. Ke2 a4 33. Kd2 Kg7 34. Kc3 Kf6 35. b4 Rd7 36. bxc5 bxc5 37. Re4 Ra7 38. Rc4 Ra5 39. Re4 Ra7 40. h3 Ra8 41. Rc4 Ra5 42. d4 cxd4+ 43. Rxd4 Ra8 44. Re4 Kf5 45. Re5+ Kf6 46. Kb4 Rd8 47. Kxa4 Rd3 48. Rb5 h4 49. gxh4 Rxh3 50. Rb4 Kf5 51. Rc4 Rxh4 52. Kb5 Rxf4 53. Rc5+ Ke6 54. a4 Kd6 55. a5 Rf1 56. Rc4 Rb1+ 57. Ka6 f5 58. Ka7 g5 59. a6 f4 60. Ra4 f3 61. Ka8 f2 62. a7 f1Q 63. Rd4+ Kc5 64. Rd5+ Kb4 65. Rd4+ Ka5 66. Ra4+ Kb6 0-1